| 000 | 00776cam a22002535a 4500 | ||
|---|---|---|---|
| 999 |
_c12568 _d12568 |
||
| 005 | 20190525102704.0 | ||
| 008 | 090811t2009 enka frd 001 0 eng d | ||
| 020 | _a9781405899765 | ||
| 040 |
_aEG-ScBUE _beng _cEG-ScBUE _dEG-ScBUE |
||
| 082 | 0 | 4 |
_a346.4207 _bMAC _222 |
| 100 | 1 |
_aMaclntyre, Ewan, _98421 |
|
| 245 | 1 | 0 |
_aEssentials of business law / _cEwan MacIntyre. |
| 246 | 1 | _aBusiness law | |
| 250 | _a2nd ed. | ||
| 260 |
_aHarlow : _bPearson Longman, _cc.2009. |
||
| 300 |
_axxxiii, 470 p. : _bill. ; _c25 cm. |
||
| 500 | _aIndex : p. 456-470. | ||
| 500 | _aGlossary : p. 439-455. | ||
| 650 | 7 |
_aBusiness law _zEngland. _98422 _2BUEsh |
|
| 650 | 7 |
_aBusiness law _zWales. _98423 _2BUEsh |
|
| 651 | _2BUEsh | ||
| 653 |
_bBUSADM _bLLAAWW _bGGEN _cDecember2017 |
||
| 942 | _2ddc | ||